| 000 | 00660nam a2200229 a 4500 | ||
|---|---|---|---|
| 003 | MX-MxUPN | ||
| 005 | 20250305094617.0 | ||
| 008 | 250221s2007 mx |||||r|||| 000 f spa d | ||
| 020 | _a9789707804005 | ||
| 040 |
_aMX-MxUPN _bspa _cMX-MxUPN |
||
| 041 | 0 | _aspa | |
| 050 | 1 | 4 |
_aPQ6666 E765 _bP53 2007 |
| 100 | 1 |
_aPérez-Reverte, Arturo, _d1951- _928615 |
|
| 245 | 1 | 3 | _aLa piel del tambor |
| 250 | _aPrimera edición en México. | ||
| 260 |
_aMéxico : _bDebolsillo, _c2007 |
||
| 300 | _a525 páginas | ||
| 650 | 4 |
_aNovela española _ySiglo XX _99779 |
|
| 902 |
_aMarisolLicea/21022025 _bVíctor Ruiz/050325 |
||
| 942 |
_2lcc _cLIBRO _n0 |
||
| 999 |
_c212657 _d212657 |
||